| 000 | 00559nam a2200205Ia 4500 | ||
|---|---|---|---|
| 003 | IIN | ||
| 005 | 20250429122655.0 | ||
| 008 | 250429s9999 xx ad 001 0 eng d | ||
| 020 |
_cRs.850.00 _a9789356960732 |
||
| 040 |
_aIIN _bEnglish |
||
| 082 |
_a610.73 _bNIS |
||
| 100 | 1 | _aNissanka, Rebecca | |
| 245 | 1 |
_aComprehensive Textbook on Foundation of Nursing - II/ _cRebecca Nissanka |
|
| 250 | _a2nd ed. | ||
| 260 |
_bJaypee _aNew Delhi _c2023 |
||
| 300 |
_axxiv, 370 p. _bill. |
||
| 500 | _aIncludes Index | ||
| 650 | 1 |
_aFoundation _vNursing |
|
| 942 | _cBOOK | ||
| 999 |
_c1770 _d1770 |
||